Fairy Tail Quiz - Statistics

General Stats
  • This quiz has been taken 106 times
  • The average score is 10 of 15
Answer Stats
Hint Answer % Correct
Air Dragon Slayer Wendy
97%
Fire Dragon Slayer Natsu
95%
Ice Maker Magic Gray
80%
Celestial Spirit Magic Lucy
78%
Beast Soul Elfman
76%
Lightning Dragon Slayer Laxus
75%
Satan Soul Mirajane
75%
Requip Erza
70%
Poison Dragon Slayer Cobra
61%
Animal Soul Lisanna
57%
Light Dragon Slayer Sting
53%
Giant Makarov
38%
Aera Carla
37%
Aera Happy
36%
Telepathy Warren
30%
No matching quizzes found
Score Distribution
Percent of People with Each Score
Percentile by Number Answered
Your Score History
You have not taken this quiz